Income and living costs in Alaska in 1943-1945, (Record no. 36611)

MARC details
000 -LEADER
fixed length control field 00807cam a22002291 4500
001 - CONTROL NUMBER
control field l 48000061
003 - CONTROL NUMBER IDENTIFIER
control field DLC
005 - DATE AND TIME OF LATEST TRANSACTION
control field 20260227111540.0
008 - FIXED-LENGTH DATA ELEMENTS--GENERAL INFORMATION
fixed length control field 770317s1948 dcu f000 0 eng c
010 ## - LIBRARY OF CONGRESS CONTROL NUMBER
LC control number l 48000061 //r92
040 ## - CATALOGING SOURCE
Original cataloging agency U.S. Dept. of Labor. Library
Transcribing agency Ak
Modifying agency DLC
043 ## - GEOGRAPHIC AREA CODE
Geographic area code n-us-ak
050 00 - LIBRARY OF CONGRESS CALL NUMBER
Classification number HD6993.A4
Item number A55
082 00 - DEWEY DECIMAL CLASSIFICATION NUMBER
Classification number 331.831
110 10 - MAIN ENTRY--CORPORATE NAME
Corporate name or jurisdiction name as entry element United States.
Subordinate unit Bureau of Labor Statistics.
245 10 - TITLE STATEMENT
Title Income and living costs in Alaska in 1943-1945,
Remainder of title including a report of housing characteristics of privately-financed dwellings in Juneau, Fairbanks, and Anchorage,
Statement of responsibility, etc. by Pauline B. Paro.
260 1# - PUBLICATION, DISTRIBUTION, ETC.
Place of publication, distribution, etc. [Washington]
Date of publication, distribution, etc. 1948.
300 ## - PHYSICAL DESCRIPTION
Extent xii p., 112 l.
Dimensions 27 cm.
650 #0 - SUBJECT ADDED ENTRY--TOPICAL TERM
Topical term or geographic name entry element Cost and standard of living
Geographic subdivision Alaska.
650 #0 - SUBJECT ADDED ENTRY--TOPICAL TERM
Topical term or geographic name entry element Housing
Geographic subdivision Alaska.
700 10 - ADDED ENTRY--PERSONAL NAME
Personal name Paro, Pauline Beatrice.

No items available.

Powered by Koha